000 01208cmm a2200373 c 4500
001 39625
003 DO-SdBPM
005 20260120112335.0
007 ta
008 110429s2000 sp i 000 spa
015 _a
017 _a
_b
_z
020 _a8437245281
035 _a
040 _aDO-SdBPM
_bspa
_cBPMSU
_e rda
_d
080 _a
082 4 _aR612
_bD545v 2000
_222
245 0 0 _aDiccionario visual Altea del cuerpo humano /
_ctraducción José Manual vidal Sacanell ; ilustradores Simone End ... [et al.].
_h
264 _a Madrid :
_bbAltea,
_c2000
300 _a63 páginas .;
_b il.ustraciones :
_c32 cm.
336 _atexto
_btxt
_2rdacontent
337 _asin mediación
_bn
_2rdamedia
338 _avolumen
_bnc
_2rdacarrier
500 _aIncluye índice
534 _pTítulo original :
_t The visual dictionary of the human body.
590 _aInventariado, 2026/VM
650 7 _a Anatomía humana
_vDiccionario
650 7 _a Histología
_vDiccionario
700 1 _a vidal Sacanel, José Manual ;
_etraducción
700 1 _a End, Simone
_e ilustradores
700 1 2 _aOrte, Emilio Martín
910 _aV. Control de calidad BPMSU
942 _2ddc
_cBK
999 _c15614
_d15614